000 00519cab a2200217 4500
001 A374
008 090401t1983 xxu||||| |||| 00| 0 eng d
035 _a(Sirsi) u28787
041 _aeng
100 _aMoreton, P.
245 _aValuations for mortgage purposes
260 _c1983
350 _a0
490 _aJournal of Valuation
_v(1983) 2JV
650 _aMORTGAGE VALUATIONS
650 _aMORTGAGES
650 _aVALUATION REPORTS
690 _aRATING AND VALUATION
942 _n0
948 _c04/03/1997
999 _c19363
_d19363